Three Biggest Cities in each South American Country - Statistics

General Stats
  • This quiz has been taken 22 times
  • The average score is 21 of 36
Answer Stats
Hint Answer % Correct
Colombia Bogota
100%
Argentina Buenos Aires
100%
Venezuela Caracas
100%
Peru Lima
100%
Uruguay Montevideo
100%
Brazil Rio de Janeiro
100%
Chile Santiago
100%
Brazil Sao Paulo
100%
Bolivia La Paz
94%
Ecuador Quito
94%
Paraguay Asuncion
88%
Brazil Brasilia
88%
Colombia Medellin
88%
Guyana Georgetown
82%
Suriname Paramaribo
82%
Colombia Cali
71%
Argentina Cordoba
65%
Ecuador Guayaquil
59%
Chile Valparaiso
59%
Venezuela Maracaibo
53%
Argentina Rosario
53%
Peru Arequipa
47%
Venezuela Valencia
41%
Bolivia Cochabamba
35%
Bolivia Santa Cruz de la Sierra
35%
Paraguay Ciudad del Este
24%
Chile Concepcion
24%
Uruguay Salto
24%
Peru Trujillo
24%
Guyana New Amsterdam
18%
Ecuador Cuenca
12%
Suriname Lelydorp
12%
Guyana Linden
12%
Uruguay Paysandu
12%
Paraguay San Lorenzo
12%
Suriname Brokopondo
6%
No matching quizzes found
Score Distribution
Percent of People with Each Score
Percentile by Number Answered
Your Score History
You have not taken this quiz